000 00308nam a22001337a 4500
008 181030b xxu||||| |||| 00| 0 eng d
020 _a0876687540
041 _aeng
080 _a316
100 _a50
101 _aSOC
245 _aTreatment Of Borderline Personality
_cPatricia.M.CH
942 _2udc
_cBK
999 _c51155
_d51155